Normal view
MARC view
- Sen, Leena
Entry Personal Name
001 - CONTROL NUMBER
- control field: 106724
003 - CONTROL NUMBER IDENTIFIER
- control field: NUST
005 - DATE AND TIME OF LATEST TRANSACTION
- control field: 20230103133406.0
008 - FIXED-LENGTH DATA ELEMENTS
- fixed length control field: 230103|| aca||aabn | a|a d
040 ## - CATALOGING SOURCE
- Original cataloging agency: NUST
- Transcribing agency: NUST
100 ## - HEADING--PERSONAL NAME
- Personal name: Sen, Leena
670 ## - SOURCE DATA FOUND
- Source citation: Work cat.: (NUST)188949: Sen, Leena, Communication skills /, 2007
